| 000 | 00793cam a22002535a 4500 | ||
|---|---|---|---|
| 001 | 18287967 | ||
| 005 | 20160215150828.0 | ||
| 008 | 140903t2015 flua frb 001 0 eng d | ||
| 020 | _a9781482230543 | ||
| 040 |
_aDLC _beng _cDLC _dEG-ScBUE |
||
| 082 | 0 | 4 |
_a660.2842 _222 _bKHO |
| 100 | 1 |
_aKhoury, Fouad M. _939356 |
|
| 245 | 1 | 0 |
_aMultistage separation processes / _cFouad M. Khoury. |
| 250 | _a4th ed. | ||
| 260 |
_aBoca Raton : _bCRC Press / Taylor & Francis Group, _cc.2015. |
||
| 300 |
_axxi, 657 p. : _bill. ; _c25 cm. |
||
| 500 | _aIndex : p. 645-657. | ||
| 504 | _aIncludes bibliographical references. | ||
| 650 | 7 |
_aSeparation (Technology) _2BUEsh _934904 |
|
| 650 | 0 |
_aVapor-liquid equilibrium. _2BUEsh _939357 |
|
| 651 | _2BUEsh | ||
| 653 |
_bENGMEC _cFebruary2016 |
||
| 942 | _2ddc | ||
| 999 |
_c21155 _d21127 |
||